Praias de Fernando de Noronha - Statistics

Estatísticas Gerais
  • Esse quiz foi jogado 11 vezes
  • A pontuação média é 9 de 13
Estatísticas das Respostas
% Correto
Mar de Dentro Sancho
100%
Mar de Dentro Cachorro
89%
Mar de Fora Leão
89%
Mar de Dentro Cacimba do Padre
78%
Mar de Dentro Porto de Santo Antônio
78%
Mar de Fora Sueste
78%
Mar de Fora Atalaia
67%
Mar de Dentro Conceição
67%
Mar de Dentro Baía dos Porcos
56%
Mar de Dentro Meio
56%
Mar de Dentro Americano
44%
Mar de Dentro Boldró
44%
Mar de Dentro Bode
22%
Nenhum quiz correspondente encontrado
Distribuição das Pontuações
Porcentagem de Pessoas com Cada Pontuação
Percentil de Números Respondidos
Sua Pontuação Histórica
Você não jogou esse quiz